Quizzes
Events
Quiz Creation
Community
Videos
Private Events
Remove Ads
Sign In
Join for FREE
Feedback
Dark Mode
Quiz Categories
Sports
Geography
Music
Movies
Television
Just For Fun
Miscellaneous
History
Literature
Language
Science
Gaming
Entertainment
Religion
Holiday
For Kids
Quiz Lab
Recent
Popular Today
Quiz Kudos Today
Editor Picks
Curator Picks
Quizzes by...
Day
Popularity
Type
Ratings
Length
Year
Community
Subscriptions
Recent Discussions
Orange Saloon
Badges
Playlists
Quests
Create
Leaderboards
Showdown
Live 5
Trivia Bingo
Activity
Puzzle Library
Sporcle Events
Private Events
Virtual Trivia
Globe League
Become a Host
Pub Owners
SporcleCon
Opinionation
Our Games
Videos
Blog
Mobile Apps
Partnerships
Remove Ads and Go Orange
Feedback
Sports
Athletes
MLB
NBA
NHL
NFL
Soccer
Sports Teams
WWE
NCAA
Football
Premier League
Basketball
Baseball
Hockey
Golf
Tennis
Cricket
Rugby
Auto Racing
Olympics
World Cup
Sports
Athletes
MLB
NBA
NHL
NFL
Soccer
Sports Teams
WWE
NCAA
Football
Premier League
Basketball
Baseball
Hockey
Golf
Tennis
Cricket
Rugby
Auto Racing
Olympics
World Cup
Random Quiz
Search Sporcle
×
Quiz Lab
Quiz Lab
Sports
Board Games
Type in answers that appear in a list
Type in answers that appear in a list
Classic
Best Score? Go Orange.
Canadiens with 200 games played Stats
Can you name the Montreal Canadiens with 200 Games played for the team?
By
Kenner1979
20m
164 Questions
345 Plays
345 Plays
345 Plays
Comments
Comments
Give Quiz Kudos
Give Quiz Kudos
-
- Ratings
hide this ad
Replay
Link that replays current quiz
Next Quiz
Link to next quiz in quiz playlist
You Got
0%
They Got
Avg Score
42%
Avg Friend Score
Upgrade to see
Score Distribution
Jump to the score distribution portion of the page
Score
0/164
Timer
20:00
0
Plays Today
Games Played
Player
% Correct
1125
Jean Beliveau
91.3%
1259
Henri Richard
89.3%
978
Maurice Richard
89.3%
1202
Larry Robinson
84.6%
962
Guy Lafleur
84.3%
551
Patrick Roy
82.6%
792
Saku Koivu
80.9%
917
Serge Savard
80.6%
968
Yvan Cournoyer
79.1%
1160
Bob Gainey
78.8%
397
Ken Dryden
77.7%
210
Denis Savard
77.7%
853
Jacques Lemaire
77.1%
912
Guy Carbonneau
75.7%
794
J.C. Tremblay
75.7%
556
Jacques Plante
73.6%
890
Doug Harvey
72.5%
871
Steve Shutt
71.9%
314
Alexei Kovalev
71.3%
654
Dickie Moore
71%
571
Andrei Markov
71%
852
Mario Tremblay
70.4%
777
Guy Lapointe
70.4%
353
Jose Theodore
70.4%
766
Bernie Geoffrion
70.1%
509
Gilles Tremblay
70.1%
402
Chris Chelios
70.1%
581
Pete Mahovlich
67.8%
263
Frank Mahovlich
67.8%
505
Bobby Smith
67.5%
267
Kirk Muller
67.5%
569
Toe Blake
67.2%
896
Patrice Brisebois
66.4%
460
Howie Morenz
66.1%
490
Stephane Richer
65.5%
617
Mats Naslund
65.2%
519
Vincent Damphousse
65.2%
311
Tomas Plekanec
64.1%
405
Eric Desjardins
63.8%
346
Mark Recchi
63.5%
785
Emile Bouchard
61.4%
489
Pierre Bouchard
61.4%
281
Claude Lemieux
58.8%
662
Shayne Corson
58.3%
664
Elmer Lach
58%
523
Chris Nilan
58%
691
Jacques Laperriere
57.1%
635
Rejean Houle
57.1%
224
John LeClair
57.1%
858
Tom Johnson
56.5%
506
Mike Keane
55.7%
560
Doug Jarvis
52.2%
604
Ryan Walter
51%
475
Brian Skrudland
50.4%
250
Russ Courtnall
49%
Games Played
Player
% Correct
654
Aurel Joliat
48.4%
581
Mike McPhee
48.4%
361
Mike Komisarek
48.1%
653
Craig Rivet
47.8%
383
Mathieu Schneider
47.8%
200
Brian Bellows
47.8%
548
Pierre Mondou
47.2%
494
Benoit Brunet
47.2%
385
Armand Mondou
47.2%
324
Sheldon Souray
47%
606
Yvon Lambert
46.7%
500
John Ferguson
46.1%
399
Rick Green
46.1%
236
Pierre Larouche
45.5%
318
George Hainsworth
45.2%
268
Rod Langway
45.2%
206
Rogatien Vachon
44.9%
507
Stephane Quintal
44.3%
597
Craig Ludwig
44.1%
1005
Claude Provost
43.5%
313
Stephan Lebeau
43.5%
276
Mike Ribeiro
42.9%
643
Bobby Rousseau
42.3%
493
Doug Risebrough
42%
432
Martin Rucinsky
42%
383
Bill Durnan
42%
420
Lyle Odelein
41.7%
534
Petr Svoboda
41.4%
282
Chris Higgins
41.4%
322
Richard Zednik
41.2%
461
Brian Savage
40.6%
367
Mark Napier
40.6%
365
Oleg Petrov
40.3%
844
Ralph Backstrom
39.7%
314
Michael Ryder
38.6%
481
Francis Bouillon
38.3%
537
Sylvio Mantha
38%
498
Georges Mantha
38%
328
Murray Wilson
38%
352
J.J. Daigneault
37.1%
283
Vladimir Malakhov
36.8%
231
Michel Larocque
35.9%
611
Jim Roberts
35.7%
508
Bert Olmstead
35.7%
215
Valeri Bure
35.1%
791
Jean-Guy Talbot
34.8%
305
Dick Duff
34.5%
245
Marc Tardif
34.5%
209
Guillaume Latendresse
33%
554
Terry Harper
32.2%
292
Jan Bulis
31%
529
Claude Larose
30.7%
224
Yanic Perreault
29.6%
290
Andre Pronovost
28.7%
277
Patrick Poulin
28.7%
Games Played
Player
% Correct
247
Gaston Gingras
28.4%
228
Keith Acton
27.8%
316
Brian Engblom
27.5%
375
Phil Goyette
27.2%
202
Doug Wickenheiser
27.2%
341
Ken Reardon
27%
585
Don Marshall
26.1%
205
Mark Streit
26.1%
281
Rick Chartraw
25.5%
212
Joe Juneau
25.5%
407
Ted Harris
24.9%
628
Ken Mosdell
24.6%
385
Turner Stevenson
24.6%
252
Mathieu Dandenault
24.3%
236
Brent Gilchrist
23.5%
236
Charlie Hodge
23.2%
406
Johnny Gagnon
22.6%
276
Gerry McNeil
22.3%
475
Billy Reay
22%
601
Floyd Curry
21.7%
523
Pit Lepine
21.7%
266
Steve Begin
21.7%
323
Murph Chamberlain
20%
303
Peter Popovic
19.7%
288
Karl Dykhuis
19.7%
280
Marcel Bonin
19.7%
221
Mickey Redmond
19.7%
203
Eric Weinrich
19.1%
339
Bob Turner
18.3%
200
Sylvain Lefebvre
17.1%
271
Buddy O'Connor
16.8%
222
Scott Thornton
16.5%
226
Dave Balon
15.9%
212
Andreas Dackell
15.4%
452
Glen Harmon
13.3%
318
Bill Hicke
12.5%
383
Dollard St. Laurent
11.9%
220
Wilf Cude
11.9%
214
Chad Kilger
11%
404
Wildor Larochelle
10.7%
265
Ray Getliffe
9.6%
342
Albert Leduc
7.8%
327
Bob Fillion
7.2%
205
Leo Gravelle
5.5%
206
Norm Dussault
4.6%
220
Paul Haynes
4.3%
303
Marty Burke
4.1%
259
Bud MacPherson
4.1%
231
Calum MacKay
4.1%
222
Cliff Goupille
3.8%
228
Walter Buswell
3.5%
212
Paul Meger
3.2%
235
Leo Lamoreaux
2.9%
209
Gerald Carson
1.7%
Quiz Playlist
Details
Report
Send in Message
Add To Playlist
Classic:
Type in answers that appear in a list
Quiz Source
Last Updated: Feb 16, 2017
Quiz Scoreboard
CHALLENGE
Sign Up to Join the Scoreboard
Show All
Scores
Hide
Comments
May contain spoilers
Recently Published
1-10 Letter E Words III
by El_Dandy
Language
2m
One Thing in Common: World Cities II
by knightlancer
Geography
7m
Popular People in 1961
by mucciniale
History
6m
More to Explore
Quiz From the Vault
Featured Blog Post
Where Did the Easter Bunny Come From?
hide this ad
You Might Also Like...
Tags
Board Games Quiz
Canada Quiz
200
montreal
Montreal Canadiens
Player
season
team
Today's Top Quizzes in Sports
Browse Sports
hide this ad
Today's Top Quizzes in Board Games
Browse Board Games
Top Contributed Quizzes in Sports
1
2022 World Cup Stars
2
Les entraîneurs de l'OM et du PSG au 21e siècle
3
FIFA Club World Cup Champions
4
Criteria MLB: Left Handed Sluggers
5
Les meilleurs buteurs des matchs entre le PSG et l’OM
6
Name the Premier League winners with different clubs
7
Players with Multiple 50 Home Run Seasons
8
MLB Players with Two .350 Batting Average Seasons
9
La finale Lions - Afrique du Sud 2021
10
MLB Hall of Famer by Rings
Explore More
Trending Topics
Marvel
Anime
Crossword
Disney
Harry Potter
NBA
Kpop
Country
The Office
Puzzle
WWE
Soccer
NFL
Pokémon
Song
hide this ad
More By:
Kenner1979
Quiz
Plays
Rating
Category
Featured
Created
Montreal Canadiens 1986 Cup Champions
1,180
5.00
Sports
Oct 20, 2009
Ontario Hockey League
628
4.33
Sports
Oct 21, 2009
Top Montreal Canadiens Goal scorers
403
4.50
Sports
Oct 20, 2009
Canadiens with 200 games played
345
5.00
Sports
Nov 10, 2009
Quebec Junior Hockey League
228
1.00
Sports
Oct 24, 2009
Go to Creator's Profile
Score Distribution
Quiz Creator Spotlight
Kenner1979
Follow
Send a Message
Quizzes Created
-
Created Quiz Play Count
-
More By This Creator
Popular Quizzes Today
1
Find the US States - No Outlines Minefield
2
The Countries of the World
3
Popular People in 1961
4
Find the Countries of Europe - No Outlines Minefield
5
1-10 Letter E Words III
6
Find the US States
7
One Thing in Common: World Cities II
8
US States
More Sports Quizzes
International Footballers: Click the Colombians II
Quiz Lab
Trending Quizzes
1-10 Letter F Words
1-10 Letter G Words
Risky Map Clicking: Next State Alphabetically
1-10 Letter F Words II
Risky Map Clicking: States by Unique Starting Letters
Recently Updated
Leaping Animals
pecheneg
Reality TV Shows (A-Z)
bhenderson79
Rickey Henderson's Hall of Fame Teammates
pecheneg
Champions League XIs: Arsenal
pecheneg
Quick Pick: Celebrities in WWE's Hall of Fame
aduchscher
A-Z Keypad Blitz II
pecheneg
Multiple Oscar Actors
pecheneg
Mystery Phrase Blitz: Oscar 'Best Actors'
pecheneg
F. Scott Fitzgerald Novels
LTH
Pick 3 Villains
ddd62291
Trending Topics
Harry Potter
Crossword
Disney
NBA
Marvel
Anime
Kpop
Puzzle
Pokémon
NFL
WWE
Country
Soccer
The Office
Song
Your Account Isn't Verified!
In order to create a playlist on Sporcle, you need to verify the email address you used during registration. Go to your
Sporcle Settings
to finish the process.
Report this User
Report this user for behavior that violates our
Community Guidelines
.
Details:
Send Report
Go to the Sporcle.com Mobile Site →
Comments